Pays ayant gagnés au moins 1 fois l'Eurovision - Statistiques

Statistiques générales
  • Ce quiz a été pris 95 fois
  • Le résultat moyen est 24 sur 27
Statistiques - réponses
Hint Réponse % Correct
5 France
100%
2 Espagne
98%
7 Suède
98%
1 Grèce
96%
3 Italie
96%
3 Norvège
96%
1 Portugal
96%
5 Royaume-Uni
96%
3 Autriche
95%
1 Finlande
95%
7 Irlande
95%
3 Suisse
95%
3 Ukraine
95%
5 Pays-Bas
94%
1 Belgique
93%
5 Luxembourg
93%
1 Lettonie
92%
1 Russie
92%
2 Allemagne
90%
1 Estonie
87%
3 Danemark
86%
4 Israël
86%
1 Turquie
84%
1 Serbie
78%
1 Monaco
72%
1 Azerbaïdjan
51%
1 Yougoslavie
48%
Aucun quiz correspondant
Distribution des résultats
% des personnes avec chaque résultat
Percentile par nombre de réponses
Votre historique - résultats
Vous n’avez pas pris ce quiz